000 01106nam a2200313 i 4500
003 EG-GICUC
005 20260121101412.0
008 251201s1988 ua d|||f |||| 000 0 ara d
017 _a1987/5757
040 _a EG-GICUC
_bara
_c EG-GICUC
_d EG-GICUC
_erda
041 _aara
082 0 4 _221
_a001.4
_bع ب . م
092 0 4 _221
099 _aLaw1 10 001.4 ع ب . م 1988
100 0 _aعبدالرحيم صدقي
_eمؤلف.
245 1 0 _aمبادئ منهج البحث الأولية في العلوم الانسانية /
_cعبدالرحيم صدقي
250 _aالطبعة الثالثة
_bمزيدة ومنقحة
264 1 _aالقاهرة :
_bدار الثقافة العربية,
_c1988.
300 _a118 ؛ صفحة
_c24 سم.
336 _2rda content
_atext
337 _2rda media
_aComputer
338 _2rda carrier
_aOnline Resource
504 _a. 240-220 ببليوجرافيا: صفحات.
650 1 4 _aعلوم انسانية
_2qrmak
651 1 _2qrmak
856 4 0 _uhttps://fll.law.cu.edu.eg/fulltext/bks/B10-03151.pdf
905 _a5
942 _2ddc
_cBK
_e21
_n0
999 _c47708
_d47708